000
00312pam a2200133a 44500
008
230405s1900 xxu||||| |||| 00| 0 eng d
041
_a
ENG
100
_a
Nadgowda K.S
245
_a
statistical mechanics physics
260
_a
_b
zerox copy
_c
1900
300
_a
95
700
_a
Thsnkhiwale A.V
906
_a
1660
999
_c
293003
_d
293003